Classification d'idéologies politiques - Statistiques

Statistiques générales
  • Ce quiz a été pris 304 fois
  • Le résultat moyen est 10 sur 20
Statistiques - réponses
Hint Réponse % Correct
Anarcho-communisme Extrême gauche
91%
Macronisme (en théorie) Centre
89%
Fascisme Extrême droite
87%
Socialisme Gauche
84%
Capitalisme Droite
79%
Environnementalisme Gauche
78%
Trotskysme Extrême gauche
77%
Libéralisme Droite
72%
Syndicalisme Gauche
60%
Mercantilisme Droite
54%
Réactionnaire Extrême droite
52%
Pragmatique Centre
45%
Constructivisme Gauche
40%
Fouriérisme Gauche
28%
Caméralisme Droite
27%
Essentialisme Extrême droite
18%
Posadisme Extrême gauche
17%
Géolibertarianisme Centre
13%
Conseillisme Extrême gauche
10%
Solidarisme Centre
4%
Aucun quiz correspondant
Distribution des résultats
% des personnes avec chaque résultat
Percentile par nombre de réponses
Votre historique - résultats
Vous n’avez pas pris ce quiz